000 00332nam a2200121Ia 4500
008 190722s9999 xx 000 0 und d
020 _a978-81-265-5911-4
100 _aMichael Alexander
245 0 _aAccess 2016 Bible, The Comprehensive tutorial Resource
260 _aNew Delhi
_bWiley India
_c2016
300 _a1108
942 _cBK
999 _c789
_d789